| 000 | 00514nam a2200157Ia 4500 | ||
|---|---|---|---|
| 008 | 190719s9999||||xx |||||||||||||| ||und|| | ||
| 020 |
_a9789386394163 _cRs. 750.00 |
||
| 040 | _aIMU Kochi | ||
| 082 | 0 | 4 |
_a346.54066 _bIn235 |
| 110 | _aThe Institute of Company Secretaries of India | ||
| 245 | 0 |
_aCompanies Act with Rules / _cThe Institute of Company Secretaries of India |
|
| 260 |
_aNew Delhi : _bTaxman , _c2017 |
||
| 300 |
_avarious pagination _c; 18 cm. |
||
| 650 |
_aCorporation law _vTextbooks |
||
| 942 |
_2ddc _cBK |
||
| 999 |
_c36 _d36 |
||